000 01549cam a22003854a 4500
001 15648917
003 OSt
005 20250131135031.0
008 090306s2009 ke a b 000 0 eng
010 _a 2009349193
020 _a9966411518
040 _aDLC
_cDLC
_dDLC
042 _alcode
043 _af------
050 0 0 _aHQ1788
_b.P76 2009
082 _a306.76
_bRUT
245 0 0 _aPromises and realities :
_btaking stock of the 3rd UN International Women's Conference /
_cSara J. Ruto, Patricia Kameri-Mbote, Jacinta Muteshi-Strachan (eds.).
246 1 4 _aPromises & realities
260 _aNairobi :
_bAfrican Centre for Technology Studies :
_bAfrican Woman and Child Feature Service,
_c2009.
300 _axiv, 229 p. :
_bill. ;
_c25 cm. +
_e1 CD-ROM.
504 _aIncludes bibliographical references.
611 2 0 _aWorld Conference to Review and Appraise the Achievements of the United Nations Decade for Women
_d(1985 :
_cNairobi, Kenya)
650 0 _aWomen
_zAfrica
_xSocial conditions.
650 0 _aWomen's rights
_zAfrica.
650 0 _aWomen in development
_zAfrica.
700 1 _aRuto, Sara Jerop.
700 1 _aKameri-Mbote, Patricia.
700 1 _aMuteshi, Jacinta.
710 2 _aAfrican Centre for Technology Studies.
710 2 _aAfrican Women and Child Feature Service.
856 4 1 _3Table of contents only
_uhttp://www.loc.gov/catdir/toc/fy1001/2009349193.html
906 _a7
_bcbc
_corigode
_d3
_encip
_f20
_gy-gencatlg
942 _2ddc
_cBK
999 _c4080
_d4080